MDQL
is popping MORE tags! Check the
thread
!
Quizzes
Events
Quiz Creation
Community
Videos
Private Events
Remove Ads
Sign In
Join for FREE
Feedback
Dark Mode
Quiz Categories
Sports
Geography
Music
Movies
Television
Just For Fun
Miscellaneous
History
Literature
Language
Science
Gaming
Entertainment
Religion
Holiday
For Kids
Quiz Lab
Recent
Popular Today
Quiz Kudos Today
Editor Picks
Curator Picks
Quizzes by...
Day
Popularity
Type
Ratings
Length
Year
Community
Subscriptions
Recent Discussions
Orange Saloon
Badges
Playlists
Quests
Create
Leaderboards
Showdown
Live 5
Trivia Bingo
Activity
Puzzle Library
Sporcle Events
Private Events
Virtual Trivia
Globe League
Become a Host
Pub Owners
SporcleCon
Opinionation
Our Games
Videos
Blog
Mobile Apps
Partnerships
Remove Ads and Go Orange
Feedback
Sports
Athletes
MLB
NBA
NHL
NFL
Soccer
Sports Teams
WWE
NCAA
Football
Premier League
Basketball
Baseball
Hockey
Golf
Tennis
Cricket
Rugby
Auto Racing
Olympics
World Cup
Sports
Athletes
MLB
NBA
NHL
NFL
Soccer
Sports Teams
WWE
NCAA
Football
Premier League
Basketball
Baseball
Hockey
Golf
Tennis
Cricket
Rugby
Auto Racing
Olympics
World Cup
Random Quiz
Search Sporcle
×
Quiz Lab
Quiz Lab
Sports
Baseball
Type in answers that appear in a list
Type in answers that appear in a list
Classic
Best Score? Go Orange.
Opening Day Lineups 1991-2012: Cardinals Stats
Can you name the St. Louis Cardinals Opening Day Lineups?
By
lineupquizzes
15m
198 Questions
5,493 Plays
5,493 Plays
5,493 Plays
Comments
Comments
Give Quiz Kudos
Give Quiz Kudos
-
- Ratings
hide this ad
Replay
Link that replays current quiz
Next Quiz
Link to next quiz in quiz playlist
You Got
0%
They Got
Avg Score
57%
Avg Friend Score
Upgrade to see
Score Distribution
Jump to the score distribution portion of the page
Score
0/198
Timer
15:00
0
Plays Today
Year
Player
% Correct
2001
Albert Pujols
96.8%
2002
Albert Pujols
96.8%
2003
Albert Pujols
96.8%
2004
Albert Pujols
96.8%
2005
Albert Pujols
96.8%
2006
Albert Pujols
96.8%
2007
Albert Pujols
96.8%
2008
Albert Pujols
96.8%
2009
Albert Pujols
96.8%
2010
Albert Pujols
96.8%
2011
Albert Pujols
94.7%
2005
Chris Carpenter
94.6%
2006
Chris Carpenter
94.6%
2007
Chris Carpenter
94.6%
2010
Chris Carpenter
94.6%
2005
Yadier Molina
94%
2006
Yadier Molina
94%
2007
Yadier Molina
94%
2009
Yadier Molina
94%
2010
Yadier Molina
94%
2008
Yadier Molina
94%
2011
Yadier Molina
93%
2012
Yadier Molina
93%
2011
Chris Carpenter
93%
1991
Ozzie Smith
90.6%
1993
Ozzie Smith
90.6%
1994
Ozzie Smith
90.6%
1995
Ozzie Smith
90.6%
1992
Ozzie Smith
90.6%
2000
Jim Edmonds
89.6%
2001
Jim Edmonds
89.6%
2002
Jim Edmonds
89.6%
2003
Jim Edmonds
89.6%
2004
Jim Edmonds
89.6%
2005
Jim Edmonds
89.6%
2006
Jim Edmonds
89.6%
2007
Jim Edmonds
89.6%
2003
Scott Rolen
89.2%
2004
Scott Rolen
89.2%
2005
Scott Rolen
89.2%
2006
Scott Rolen
89.2%
2007
Scott Rolen
89.2%
1991
Bryn Smith
89.2%
1998
Mark McGwire
85.7%
1999
Mark McGwire
85.7%
2001
Mark McGwire
85.7%
2009
Adam Wainwright
85.6%
2010
Matt Holliday
82.6%
2011
Matt Holliday
82%
2012
Matt Holliday
82%
2005
David Eckstein
78.4%
2006
David Eckstein
78.4%
2007
David Eckstein
78.4%
1999
Edgar Renteria
78.1%
2001
Edgar Renteria
78.1%
2002
Edgar Renteria
78.1%
2003
Edgar Renteria
78.1%
2004
Edgar Renteria
78.1%
2011
David Freese
74.6%
2012
David Freese
74.6%
1992
Ray Lankford
72%
1993
Ray Lankford
72%
1994
Ray Lankford
72%
1995
Ray Lankford
72%
1996
Ray Lankford
72%
1998
Ray Lankford
72%
Year
Player
% Correct
2000
Ray Lankford
72%
2004
Ray Lankford
72%
2000
Mike Matheny
67.5%
2001
Mike Matheny
67.5%
2003
Mike Matheny
67.5%
2004
Mike Matheny
67.5%
2002
Matt Morris
67.5%
2003
Matt Morris
67.5%
2004
Matt Morris
67.5%
2010
David Freese
66.2%
2011
Lance Berkman
66.1%
2012
Lance Berkman
66.1%
2012
Carlos Beltran
65.8%
1996
Willie McGee
65.8%
1997
Willie McGee
65.8%
2012
Jon Jay
65.7%
2012
Rafael Furcal
64.6%
2009
Ryan Ludwick
60.9%
2010
Ryan Ludwick
60.9%
2005
Larry Walker
60.7%
2000
Fernando Vina
58.5%
2001
Fernando Vina
58.5%
2002
Fernando Vina
58.5%
2003
Fernando Vina
58.5%
2002
Tino Martinez
57.9%
2003
Tino Martinez
57.9%
2010
Colby Rasmus
57.3%
2008
Skip Schumaker
57.2%
2010
Skip Schumaker
57.2%
2008
Rick Ankiel
56.6%
2009
Rick Ankiel
56.6%
2004
Reggie Sanders
54.8%
2005
Reggie Sanders
54.8%
2009
Brendan Ryan
53.2%
2010
Brendan Ryan
53.2%
2000
Darryl Kile
53%
2001
Darryl Kile
53%
1992
Tom Pagnozzi
52.7%
1993
Tom Pagnozzi
52.7%
1995
Tom Pagnozzi
52.7%
1991
Tom Pagnozzi
52.7%
1996
Ron Gant
52.2%
1997
Ron Gant
52.2%
1998
Ron Gant
52.2%
1995
Brian Jordan
52.1%
1997
Brian Jordan
52.1%
1998
Brian Jordan
52.1%
2012
Kyle Lohse
51.6%
2008
Troy Glaus
50.9%
2009
Khalil Greene
49%
2011
Skip Schumaker
47.8%
2011
Colby Rasmus
47.7%
1999
J.D. Drew
47.3%
2001
J.D. Drew
47.3%
2002
J.D. Drew
47.3%
1996
Royce Clayton
46.9%
1997
Royce Clayton
46.9%
1998
Royce Clayton
46.9%
1991
Todd Zeile
46.6%
1992
Todd Zeile
46.6%
1993
Todd Zeile
46.6%
1994
Todd Zeile
46.6%
2008
Chris Duncan
45.7%
2009
Chris Duncan
45.7%
2007
Preston Wilson
43.7%
2007
Adam Kennedy
43.6%
Year
Player
% Correct
2008
Adam Kennedy
43.6%
2008
Kyle Lohse
43.4%
1993
Bernard Gilkey
42.6%
1994
Bernard Gilkey
42.6%
1995
Bernard Gilkey
42.6%
1991
Bernard Gilkey
42.6%
2012
Daniel Descalso
42.4%
1999
Placido Polanco
42.4%
2000
Placido Polanco
42.4%
2001
Placido Polanco
42.4%
2002
Placido Polanco
42.4%
2006
Juan Encarnacion
42%
1999
Fernando Tatis
41.5%
2000
Fernando Tatis
41.5%
1999
Eric Davis
41.3%
2000
Eric Davis
41.3%
1993
Geronimo Pena
40.5%
1996
Gary Gaetti
40.4%
1997
Gary Gaetti
40.4%
1998
Gary Gaetti
40.4%
1991
Pedro Guerrero
39.9%
1992
Pedro Guerrero
39.9%
2004
Tony Womack
38.7%
1991
Jose Oquendo
38.6%
1992
Jose Oquendo
38.6%
2006
So Taguchi
37.4%
2007
So Taguchi
37.4%
2011
Ryan Theriot
37.1%
1996
Andy Benes
37.1%
1993
Gregg Jefferies
35.4%
1994
Gregg Jefferies
35.4%
2006
Aaron Miles
35.4%
1994
Bob Tewksbury
35%
1993
Bob Tewksbury
35%
2005
Mark Grudzielanek
34.9%
1995
John Mabry
34.5%
1996
John Mabry
34.5%
1997
John Mabry
34.5%
1994
Mark Whiten
33.8%
1993
Mark Whiten
33.8%
1997
Delino DeShields
31.1%
1998
Delino DeShields
31.1%
1999
Eli Marrero
30.2%
2003
Eli Marrero
30.2%
2008
Cesar Izturis
29.4%
1995
Ken Hill
28.4%
1992
Andres Galarraga
28%
1994
Luis Alicea
26.2%
1996
Luis Alicea
26.2%
1997
Todd Stottlemyre
25.7%
1998
Todd Stottlemyre
25.7%
1992
Milt Thompson
24.8%
1991
Felix Jose
24.3%
1999
Donovan Osborne
23.5%
2009
Brian Barden
22.8%
1995
Scott Cooper
20.5%
1995
Manuel Lee
20.4%
2000
Craig Paquette
20.1%
1992
Jose DeLeon
19.6%
1999
Shawon Dunston
18.3%
1997
Tom Lampkin
17.4%
1998
Tom Lampkin
17.4%
1991
Rex Hudler
16.6%
2002
Mike DiFelice
16.1%
1996
Pat Borders
13.5%
1994
Erik Pappas
12.4%
Quiz Playlist
Details
Report
Send in Message
Add To Playlist
Classic:
Type in answers that appear in a list
Quiz Source
Last Updated: Mar 2, 2017
Quiz Scoreboard
CHALLENGE
Sign Up to Join the Scoreboard
Show All
Scores
Hide
Comments
May contain spoilers
Recently Published
1-10 Letter E Words III
by El_Dandy
Language
2m
Street Fighter Characters
by Artimus82
Gaming
60s
College Basketball Coaching Resumes
by pancakes188
Sports
9m
More to Explore
Quiz From the Vault
Featured Blog Post
Where Did the Easter Bunny Come From?
hide this ad
You Might Also Like...
Tags
Baseball Quiz
Football Quiz
MLB Quiz
cardinal
Opening Day Lineups
Player
St Louis
St Louis Cardinals
Today's Top Quizzes in Sports
Browse Sports
hide this ad
Today's Top Quizzes in Baseball
Browse Baseball
Top Contributed Quizzes in Sports
1
2022 World Cup Stars
2
Les meilleurs buteurs des matchs entre le PSG et l’OM
3
FIFA Club World Cup Champions
4
Les entraîneurs de l'OM et du PSG au 21e siècle
5
Criteria MLB: Left Handed Sluggers
6
2023 MLB Unique Player Accomplishments
7
AFC Teams Reveal (Wrong Answers Minefield)
8
Players with Multiple 50 Home Run Seasons
9
5-to-1: FBS Animal Nicknames
10
5-to-1: UK Sports Teams
Explore More
Trending Topics
Disney
Kpop
Crossword
Marvel
Anime
Harry Potter
NBA
Country
Song
NFL
WWE
Soccer
Puzzle
The Office
Pokémon
hide this ad
More By:
lineupquizzes
Quiz
Plays
Rating
Category
Featured
Created
Opening Day Lineups: Red Sox
161,291
4.46
Sports
Apr 23, 2010
Opening Day Lineups: Braves
146,483
4.52
Sports
Dec 17, 2009
Opening Day Lineups: Mets
121,901
4.53
Sports
Feb 3, 2010
Opening Day Lineups: Dodgers
93,319
4.34
Sports
Dec 17, 2009
Opening Day Lineups: Twins
81,947
4.51
Sports
May 4, 2010
Go to Creator's Profile
Score Distribution
Quiz Creator Spotlight
lineupquizzes
Follow
Send a Message
Quizzes Created
-
Created Quiz Play Count
-
More By This Creator
Popular Quizzes Today
1
Find the US States - No Outlines Minefield
2
Find the Countries of Europe - No Outlines Minefield
3
The Countries of the World
4
Find the US States
5
Risky Map Clicking: Biggest States A-Z
6
US States
7
Popular People in 1961
8
Movies - When Are They Set?
More Sports Quizzes
Most Valuable Players at Champions League Clubs
Quiz Lab
Trending Quizzes
Risky Map Clicking: Least Populous States A-Z
Billboard Blitz: Aretha Franklin
Famous Russians: Author or Composer?
Countries of the World: 200 Million BC
1-10 Letter G Words
Recently Updated
Leaping Animals
pecheneg
Reality TV Shows (A-Z)
bhenderson79
Rickey Henderson's Hall of Fame Teammates
pecheneg
Champions League XIs: Arsenal
pecheneg
Quick Pick: Celebrities in WWE's Hall of Fame
aduchscher
A-Z Keypad Blitz II
pecheneg
Multiple Oscar Actors
pecheneg
Mystery Phrase Blitz: Oscar 'Best Actors'
pecheneg
F. Scott Fitzgerald Novels
LTH
Pick 3 Villains
ddd62291
Trending Topics
Crossword
Kpop
Anime
Marvel
Harry Potter
Disney
NBA
Soccer
NFL
Song
The Office
Pokémon
Country
Puzzle
WWE
Your Account Isn't Verified!
In order to create a playlist on Sporcle, you need to verify the email address you used during registration. Go to your
Sporcle Settings
to finish the process.
Report this User
Report this user for behavior that violates our
Community Guidelines
.
Details:
Send Report
Go to the Sporcle.com Mobile Site →
Comments